000 01225cam a2200229 4500
001 ABS68047
008 040722n2004 000 0 eng u
035 _a(Sirsi) u126912
100 _aScott, A.
245 _aSpecial landscape areas: landscape conservation or confusion in the town and country planning system?
260 _c2004
490 _aTown Planning Review
_v75(2) 2004, 205-230(26)
520 _aAssesses the efficacy and relevance of the Special Landscape Area (SLA) designation within the British planning system. Provides critical assessment of SLAs across Wales which reveals confusion and contradiction within the guidance. Highlights an emerging discourse between planners who seek to protect landscape using SLAs and those who advocate a more holistic approach. Concludes that the emphasis on designation as a prime tool for landscape planning is outdated and is in need of urgent reform towards a more multifunctional assessment of landscape character. [Taken from journal abstract]
590 _aABS
590 _aABS
650 _aSPECIAL LANDSCAPE AREAS
650 _aLOCAL DEVELOPMENT PLANS
650 _aPLANNING GUIDANCE
690 _aPLANNING
700 _aBullen, A.
942 _n0
999 _c117760
_d117760